ბათუმის შოთა რუსთაველის სახელმწიფო უნივერსიტეტის ბიბლიოთეკა

როგორ ვებრძოლოთ ბავშვთა ცუდ მადას / (ბიბ.ჩანაწერი № 62500)

000 -ლიდერი
ფიქსირებული სიგრძის საკონტროლო ველი 00839nam a22001937a 4500
003 - საკონტროლო ნომრის იდენტიფიკატორი
საკონტროლო ველი Ge_BSU
005 - ბოლო ოპერაციის თარიღი და დრო
საკონტროლო ველი 20241119120359.0
008 - ფიქსირებული სიგრძის მონაცემთა ელემენტები - ზოგადი ინფორმაცია
ფიქსირებული სიგრძის საკონტროლო ველი 241119s1969 ge ||||| |||| 00| 0 geo d
041 ## - ენის კოდი
Language code of text/sound track or separate title geo
080 ## - უნივერსალური ათობითი კლასიფიკაციის ინდექსი
Universal Decimal Classification number 612.39:613.22 ლ-34
100 ## - მთავარი ჩანაწერი - პიროვნების სახელი
Personal name ლებედევი, დ.
9 (RLIN) 23737
245 ## - ცნობა სათაურის შესახებ
Title როგორ ვებრძოლოთ ბავშვთა ცუდ მადას /
Statement of responsibility, etc დ. ლებედევი.
264 ## - წარმოების, გამოცემის, დისტრიბუციის და სხვა ცნობები
გამოცემის, წარმოების, დისტრიბუციის... ადგილი თბილისი :
გამოცემის, წარმოების, დისტრიბუციის... სახელწოდება საბჭ. საქართველო,
გამოცემის, წარმოების, დისტრიბუციის... თარიღი 1960.
300 ## - ფიზიკური აღწერა
Extent 18 გვ. :
Other physical details ილ. ;
Dimensions 20 სმ.
440 ## - სერიის ცნობა / დამატებულია ჩანაწერი - სათაური
Title სანიტარული განათლების ბიბლიოთეკა
9 (RLIN) 23736
653 ## - INDEX TERM--UNCONTROLLED
Uncontrolled term ბავშვთა უმადობა. ბავშვთა კვება.
653 ## - INDEX TERM--UNCONTROLLED
Uncontrolled term მედიცინა
942 ## - ADDED ENTRY ELEMENTS (KOHA)
Source of classification or shelving scheme
Koha item type წიგნი
ეგზემპლარები
ჩამოწერის სტატუსი დაკარგული ეგზემპლარის სტატუსი კლასიფიკაციის წყარო ან თაროზე გაწყობის სქემა დაზიანების სტატუსი არ გაიცემა მუდმივი მდებარეობა (დაცვის ადგილი) ამჟამინდელი ადგილსამყოფელი თაროზე განთავსების ადგილი შეძენის თარიღი ღირებულება, შესყიდვის ნორმალური ფასი სრული შენახვის შიფრი შტრიხკოდი ბოლო ოპერაციის თარიღი ეგზემპლარის მიმდევრობითი ნომერი (კეტერი?) ფასის ძალაში შესვლის თარიღი ეგზემპლარის სახეობა საჯარო შენიშვნა
          ბათუმის შოთა რუსთაველის სახელმწიფო უნივერსიტეტის მთავარი ბიბლიოთეკა ბათუმის შოთა რუსთაველის სახელმწიფო უნივერსიტეტის მთავარი ბიბლიოთეკა წიგნსაცავი 2024-11-19 0.00 612.39:613.22 ლ-34 69789 2024-11-19 69789 2024-11-19 წიგნი 0,80თ.
          ბათუმის შოთა რუსთაველის სახელმწიფო უნივერსიტეტის მთავარი ბიბლიოთეკა ბათუმის შოთა რუსთაველის სახელმწიფო უნივერსიტეტის მთავარი ბიბლიოთეკა წიგნსაცავი 2024-12-30 0.00 612.39:613.22 ლ-34 70130 2024-12-30 70130 2024-12-30 წიგნი 0.80